00917cam a22002655a 4500001001000000003000400010005001700014008004100031020001800072020001500090040004000105082001700145100003000162245005900192250001200251260004600263300003400309500002400343504004100367650005600408653002400464942000800488999001700496952013800513016014623OSt20161009122039.0120120s2012 enka frb 001 0 eng d a9780230290808 a0230290809 aStDuBDSbengcStDuBDSdUkdEG-ScBUE04a696222bMCM aMcMullan, Randall.92318710aEnvironmental science in building /cRandall McMullan. a7th ed. aBasingstoke :bPalgrave Macmillan,c2012. axii, 420 p. :bill. ;c25 cm. aIndex : p. 413-420. aIncludes bibliographical references. 7aBuildingsxEnvironmental Engineering.2BUEsh923220 bENGARCcOctober2016 2ddc c22462d22434 00102ddc40708BaccahaMAINbMAINc1STd2016-10-09ePurchaseg300.00l1m4o696 MCMp000033851r2025-07-15 00:00:00s2021-09-29yBB